000
00354nam a2200169Ia 4500
008
210210b1927 xxu||||| |||| 00| 0 eng d
041
_a
eng
082
_a
430/45
100
_a
-
245
_a
Malaria et chininum
260
_a
_b
Not Mentioned
_c
1927
300
_a
60
650
_a
Malaria
650
_a
et
650
_a
chininum
906
_a
006187
999
_c
128415
_d
128415